书目信息 |
| 题名: |
英国概况习题集
|
|
| 作者: | 韩晓惠 周华 编 | |
| 分册: | ||
| 出版信息: | 哈尔滨 哈尔滨工业大学出版社 2006 |
|
| 页数: | 249页 | |
| 开本: | 20cm | |
| 丛书名: | ||
| 单 册: | ||
| 中图分类: | K956.1 | |
| 科图分类: | ||
| 主题词: | 地理 | |
| 电子资源: | ||
| ISBN: | 7-5603-2167-4 | |
| 000 | 00548nam0 2200181 450 | |
| 001 | 0755227312 | |
| 005 | 20070828152027.31 | |
| 010 | @a7-5603-2167-4@d¥14.80 | |
| 100 | @a20070828d km y0chiy0120 ea | |
| 101 | 0 | @achi |
| 200 | 1 | @a英国概况习题集@Aying guo gai kuang xi ti ji@f韩晓惠 周华 编@Fhan xiao hui zhou hua bian |
| 210 | @a哈尔滨@c哈尔滨工业大学出版社@d2006 | |
| 215 | @a249页@d20cm | |
| 606 | 0 | @a地理 |
| 690 | @aK956.1@v3 | |
| 701 | 0 | @a韩晓惠 周华@Ahan xiao hui zhou hua@4编 |
| 801 | 0 | @aCN@bPFT@c20070828 |
| 905 | @a213230@dK956.1@eW1@f1 | |
| 英国概况习题集/韩晓惠 周华 编.-哈尔滨:哈尔滨工业大学出版社,2006 |
| 249页;20cm |
| ISBN 7-5603-2167-4:¥14.80 |
| ● |
| 相关链接 |
|
|
|
|
正题名:英国概况习题集
索取号:K956.1/W1
 
预约/预借
| 序号 | 登录号 | 条形码 | 馆藏地/架位号 | 状态 | 备注 |
| 1 | 0706845 | 207068457 | 密集书库—外国语学院/ [索取号:K956.1/W1] | 在馆 | |
| 2 | 0706846 | 207068466 | 密集书库—外国语学院/ [索取号:K956.1/W1] | 在馆 |